000 004640000a22001810004500
003 MACL
005 20150812163532.0
008 150812b xxu||||| |||| 00| 0 eng d
040 _aMACL
_cMACL
041 _aEnglish
082 _a370/PAI
100 _aPattanayak, D P
_95114
245 _aMultilin Gualism and Mother_ Tongue Education
260 _bOxford University Press
_c1981
_aNew Delhi
350 _a85
650 _aEducation
_95115
942 _cBK
_k370
_2ddc
999 _c7023
_d7023